Curso de granja e idustrialización de sus productos (Record no. 9539)

MARC details
000 -CABECERA
campo de control de longitud fija 00997nam a2200277 a 4500
001 - NÚMERO DE CONTROL
campo de control BRL_727
005 - FECHA Y HORA DE LA ÚLTIMA TRANSACCIÓN
campo de control 20190320210853.0
008 - DATOS DE LONGITUD FIJA--INFORMACIÓN GENERAL
campo de control de longitud fija 300913s19451951ag-ao#####---#000-0#spa-#
041 ## - CÓDIGO DE LENGUA
Código de lengua del texto/banda sonora o título independiente spa
044 ## - CÓDIGO DEL PAÍS DE LA ENTIDAD EDITORA/PRODUCTORA
Código MARC del país ag
050 #4 - SIGNATURA TOPOGRÁFICA DE LA BIBLIOTECA DEL CONGRESO
Número de clasificación HD1401
Número de documento/Ítem .S55 1945
100 1# - ENTRADA PRINCIPAL--NOMBRE DE PERSONA
Nombre de persona Silva Lezama, Antonio
9 (RLIN) 24765
245 10 - MENCIÓN DE TÍTULO
Título Curso de granja e idustrialización de sus productos
Mención de responsabilidad, etc. Antonio Silva Lezama.
260 ## - PUBLICACIÓN, DISTRIBUCIÓN, ETC.
Lugar de publicación, distribución, etc. Buenos Aires
Nombre del editor, distribuidor, etc. Hobby
Fecha de publicación, distribución, etc. 1945-1951
300 ## - DESCRIPCIÓN FÍSICA
Extensión v.
Otras características físicas il.
Dimensiones 26 cm.
500 ## - NOTA GENERAL
Nota general t.1 Au848, t.3 Au851, t.4 Au850, t.5 Au849
505 0# - NOTA DE CONTENIDO CON FORMATO
Nota de contenido con formato Contenido: t.1 Generalidades, Anatomía, Fisiología, Avicultura - t.3 Sericultura, Lecheria, Cremería-quesería, Cria del cerdo - t.4 Arboricultura - t.5 Diversas industrias derivadas de los productos de la granja.
650 14 - PUNTO DE ACCESO ADICIONAL DE MATERIA--TÉRMINO DE MATERIA
Término de materia o nombre geográfico como elemento de entrada Industría
Subdivisión general Agricultura
9 (RLIN) 24766
650 14 - PUNTO DE ACCESO ADICIONAL DE MATERIA--TÉRMINO DE MATERIA
Término de materia o nombre geográfico como elemento de entrada Granjas
9 (RLIN) 24767
650 14 - PUNTO DE ACCESO ADICIONAL DE MATERIA--TÉRMINO DE MATERIA
Término de materia o nombre geográfico como elemento de entrada Avicultura
9 (RLIN) 24768
650 14 - PUNTO DE ACCESO ADICIONAL DE MATERIA--TÉRMINO DE MATERIA
Término de materia o nombre geográfico como elemento de entrada Cunicultura
9 (RLIN) 24769
650 14 - PUNTO DE ACCESO ADICIONAL DE MATERIA--TÉRMINO DE MATERIA
Término de materia o nombre geográfico como elemento de entrada Apicultura
9 (RLIN) 24770
650 14 - PUNTO DE ACCESO ADICIONAL DE MATERIA--TÉRMINO DE MATERIA
Término de materia o nombre geográfico como elemento de entrada Arboricultura
9 (RLIN) 24771
902 ## - CATALOGADOR
Iniciales GRL
942 ## - ELEMENTOS DE PUNTO DE ACCESO ADICIONAL (KOHA)
Fuente del sistema de clasificación o colocación Library of Congress Classification
Tipo de ítem Koha Libros
Holdings
Estado de retiro Estado de pérdida Estado dañado No para préstamo Localización permanente Ubicación/localización actual Fecha de adquisición Total de préstamos Signatura topográfica completa Código de barras Fecha visto por última vez Precio válido a partir de Tipo de ítem Koha
El ejemplar forma parte de la colección y puede ser consultado según las políticas vigentes.       Biblioteca Centro de Estudios Ruth D. Lechuga Biblioteca Centro de Estudios Ruth D. Lechuga 23/09/2013   HD1401 .S55 1945 GRL00795 22/03/2019 22/03/2019 Libros
El ejemplar forma parte de la colección y puede ser consultado según las políticas vigentes.       Biblioteca Centro de Estudios Ruth D. Lechuga Biblioteca Centro de Estudios Ruth D. Lechuga 23/09/2013   HD1401 .S55 1945 GRL00796 22/03/2019 22/03/2019 Libros
El ejemplar forma parte de la colección y puede ser consultado según las políticas vigentes.       Biblioteca Centro de Estudios Ruth D. Lechuga Biblioteca Centro de Estudios Ruth D. Lechuga 23/09/2013   HD1401 .S55 1945 GRL00797 22/03/2019 22/03/2019 Libros
El ejemplar forma parte de la colección y puede ser consultado según las políticas vigentes.       Biblioteca Centro de Estudios Ruth D. Lechuga Biblioteca Centro de Estudios Ruth D. Lechuga 30/09/2013   HD1401 .S55 1945 GRL00798 22/03/2019 22/03/2019 Libros